00429nam a2200157Ia 4500008004100000020001500041041001200056082001600068100001900084245009200103250000800195260002500203300000800228650001600236700001900252221030s9999 xx 000 0 und d a0070447004 aEnglish a105.23bTre aJ. P. Tremblay 3aAn Introduction To Data Structures With Applicationscby J. P. Tremblay, P. G. Sorenson a2nd bTMHaNew Delhic2003 a861 aBE Computer aP. G. Sorenson